Cárceles y mujeres en el siglo XVII (Record no. 60314)

MARC details
000 -LEADER
campo de control de longitud fija 01579aam a2200433 i 4500
001 - NÚMERO DE CONTROL
campo de control MOR01000060559
005 - FECHA Y HORA DE LA ÚLTIMA TRANSACCIÓN
campo de control 20260331134613.0
007 - CAMPO FIJO DE DESCRIPCIÓN FÍSICA--INFORMACIÓN GENERAL
campo de control de longitud fija ta
008 - DATOS DE LONGITUD FIJA--INFORMACIÓN GENERAL
campo de control de longitud fija 990118s1991 sp ah g bi 000 0dspa d
020 ## - NÚMERO INTERNACIONAL ESTÁNDAR DEL LIBRO
Número Internacional Estándar del Libro 84-7039-597-1
035 ## - NÚMERO DE CONTROL DEL SISTEMA
Número de control de sistema 990226
040 ## - FUENTE DE CATALOGACIÓN
Centro catalogador/agencia de origen mxcmmo
Lengua de catalogación spa
Normas de descripción rda
Centro/agencia transcriptor mxcmmo
041 0# - CÓDIGO DE IDIOMA
Código de lengua del texto/banda sonora o título independiente spa
043 ## - CÓDIGO DE ÁREA GEOGRÁFICA
Código de área geográfica e-sp---
045 ## - PERIODO DE TIEMPO DEL CONTENIDO
Código de periodo de tiempo u0u2
082 04 - NÚMERO DE LA CLASIFICACIÓN DECIMAL DEWEY
Número de clasificación 365.946
Número de ítem CAR.y
245 00 - MENCIÓN DEL TÍTULO
Título Cárceles y mujeres en el siglo XVII
Resto del título : razón y forma de la galera : proceso inquisitorial de San Plácido/
Mención de responsabilidad, etc. ed., introduction y notas de Isabel Barbeito
264 #1 - PRODUCCIÓN, PUBLICACIÓN, DISTRIBUCIÓN, FABRICACIÓN Y COPYRIGHT
Producción, publicación, distribución, fabricación y copyright Madrid :
Nombre del de productor, editor, distribuidor, fabricante Editorial Castalia,
Fecha de producción, publicación, distribución, fabricación o copyright 1991.
300 ## - DESCRIPCIÓN FÍSICA
Extensión 265 páginas:
Otras características físicas ilustraciones;
Dimensiones 20 cm
336 ## - TIPO DE CONTENIDO
Término de tipo de contenido texto
Código de tipo de contenido txt
Fuente rdacontent
337 ## - TIPO DE MEDIO
Nombre/término del tipo de medio sin medio
Código del tipo de medio n
Fuente rdamedia
338 ## - TIPO DE SOPORTE
Nombre/término del tipo de soporte volumen
Código del tipo de soporte nc
Fuente rdacarrier
490 #0 - MENCIÓN DE SERIE
Mención de serie Biblioteca de escritoras
Designación de volumen o secuencia 21
504 ## - NOTA DE BIBLIOGRAFÍA, ETC.
Nota de bibliografía, etc. Nota Incluye bibliografías
505 0# - NOTA DE CONTENIDO CON FORMATO
Nota de contenido con formato Contenido: Magdalena de San Jerónimo, carcelista -- Teresa Valle de la Cerda, encarcelada
650 #7 - PUNTO DE ACCESO ADICIONAL DE MATERIA--TÉRMINO DE MATERIA
Término de materia o nombre geográfico como elemento de entrada Reformatorios para mujeres
Subdivisión geográfica España
Subdivisión general Historia
9 (RLIN) 107887
700 1# - ENTRADA AGREGADA--NOMBRE PERSONAL
Nombre de persona Barbeito, Isabel
Término indicativo de función/relación editor
9 (RLIN) 107888
700 1# - ENTRADA AGREGADA--NOMBRE PERSONAL
Nombre de persona San Jerónimo, Magdalena de
9 (RLIN) 107889
700 1# - ENTRADA AGREGADA--NOMBRE PERSONAL
Nombre de persona Valle de la Cerda, Teresa
9 (RLIN) 107890
900 ## - ELEMENTOS DE DATOS A LOCAL, LDA (RLIN)
Nombre de persona ALEPH14
Numeración Verónica Silva
Títulos y otros términos asociados al nombre 20061103
Lenguaje de la obra MOR01
-- 1050
900 ## - ELEMENTOS DE DATOS A LOCAL, LDA (RLIN)
Nombre de persona BATCH-UPD
Numeración 00
Títulos y otros términos asociados al nombre 20120323
Lenguaje de la obra MOR01
-- 1745
900 ## - ELEMENTOS DE DATOS A LOCAL, LDA (RLIN)
Nombre de persona BATCH-UPD
Numeración 10
Títulos y otros términos asociados al nombre 20120321
Lenguaje de la obra MOR01
-- 1706
900 ## - ELEMENTOS DE DATOS A LOCAL, LDA (RLIN)
Nombre de persona BATCH
Numeración 00
Títulos y otros términos asociados al nombre 20120322
Lenguaje de la obra MOR01
-- 1729
900 ## - ELEMENTOS DE DATOS A LOCAL, LDA (RLIN)
Nombre de persona DYNIX
Numeración 00
Títulos y otros términos asociados al nombre 20030304
Lenguaje de la obra MOR01
-- 1721
900 ## - ELEMENTOS DE DATOS A LOCAL, LDA (RLIN)
Nombre de persona MARC21
Numeración 40
Títulos y otros términos asociados al nombre 20170203
Lenguaje de la obra MOR01
-- 1048
904 ## - ELEMENTOS DE DATOS D LOCAL, LDD (RLIN)
a UPDATE
942 ## - ELEMENTOS DE ENTRADA SECUNDARIOS (KOHA)
Código de la institución [OBSOLETO] BK
901 ## - ELEMENTOS DE DATOS A LOCAL LDA (RLIN)
a batch batch
Holdings
Estatus retirado Estado de pérdida Fuente del sistema de clasificación o colocación Estado de daño No para préstamo Colección Biblioteca de origen Biblioteca actual Ubicación en estantería Fecha de adquisición Fuente de adquisición Número de inventario Total de préstamos Signatura topográfica completa Código de barras Visto por última vez Precio de reemplazo Tipo de ítem Koha
    Clasificación Decimal Dewey     Libros (General) Biblioteca Instituto Mora Biblioteca Instituto Mora Regular 03/09/2024   86501   (G)/365.946 CAR.y 33291000958666 03/09/2024 03/09/2024 Libro préstamo regular